Vysoké Tatry

Bibliographic Details
Corporate Author: Lichtig (Prešov, Slovensko) (Printer)
Format: Postcard
Language:Slovak
PhysicalDescription:1 pohľadnica kolorovaná 9 x 14 cm skladačka ([12] obr.)
Published: Bratislava Kriváň [1927]
Subjects:

MARC

LEADER 00000nkm a2200000 a 4500
001 vtls010866054
003 SK-MaSNL
005 20260512122103.0
007 kp co
008 231214q1927 xo g 00 kuslo
015 |a SNBG 
035 |a 2770AB51-91B8-411C-A68F-98793B868BC3 
035 |a urn:nbn:sk:snk-kmy0by 
035 |a urn:nbn:sk:snk-km007ygz 
040 |a SNK  |b slo  |c SNK  |e AACR2 
041 0 |a slo 
043 |a e-xo--- 
044 |a xo  |c SK 
080 |a 908(437.6)  |2 2001 
080 |a (084.121)  |2 2001 
080 |a (234.372.4)  |2 2008 
245 0 0 |a Vysoké Tatry  |h grafika 
260 |a Bratislava  |b Kriváň  |c [1927]  |e [Prešov]  |f Lichtig 
300 |a 1 pohľadnica  |b kolorovaná  |c 9 x 14 cm  |e skladačka ([12] obr.) 
651 7 |a Vysoké Tatry (Poľsko a Slovensko : pohorie)  |2 SNKPHgeo  |9 67729 
655 7 |a miestne pohľadnice  |2 SNKPH  |9 70510 
710 2 |a Lichtig (Prešov, Slovensko)  |4 prt  |9 338326 
852 |a Slovenská národná knižnica 
958 |a GC 
958 |a GBN 
958 |a OND 
999 |c 584413  |d 586343 
952 |a SNK  |b SNK  |y PREZ  |7 0  |p 17A1164862  |o snkSP 3967  |0 0  |1 0  |4 0  |d 2015-08-27  |f 1  |l 0  |r 2026-02-23 15:04:01  |w 2026-02-23